| Tag |
First Indicator |
Second Indicator |
Subfields |
| LEADER |
00000cas a2200000 a 4500 |
| 001 |
in00002863313 |
| 005 |
20151202172443.0 |
| 006 |
m o d |
| 007 |
cr bn||||||abp |
| 007 |
cr bn||||||ada |
| 008 |
100325d19741985cauqr poo 0 0eng c |
| 010 |
|
|
|a 2011234595
|
| 022 |
|
|
|l 0162-2021
|y 0162-2021
|
| 029 |
1 |
|
|a NZ1
|b 13932005
|
| 035 |
|
|
|a (OCoLC)ocn569325725
|
| 035 |
|
|
|a (OCoLC)569325725
|
| 040 |
|
|
|a OCLCE
|b eng
|c OCLCE
|d EYM
|d HLS
|d OCLCQ
|d TXA
|d UtOrBLW
|
| 042 |
|
|
|a dlr
|a pcc
|
| 049 |
|
|
|a TXAM
|
| 050 |
|
4 |
|a JA1
|b .P58 Electronic
|
| 082 |
0 |
4 |
|a 320/.05
|
| 245 |
0 |
0 |
|a Political methodology.
|
| 264 |
|
1 |
|a Los Altos, Calif. :
|b Geron-X,
|c [1974-]
|
| 264 |
|
4 |
|c ©1974-
|
| 310 |
|
|
|a Quarterly
|
| 336 |
|
|
|a text
|b txt
|2 rdacontent
|
| 337 |
|
|
|a computer
|b c
|2 rdamedia
|
| 338 |
|
|
|a online resource
|b cr
|2 rdacarrier
|
| 362 |
1 |
|
|a Began with Vol. 1, no. 1 (winter 1974); ceased with: Vol. 11 (1985).
|
| 506 |
|
|
|3 Use copy
|f Restrictions unspecified
|2 star
|5 MiAaHDL
|
| 533 |
|
|
|a Electronic reproduction.
|b [S.l.] :
|c HathiTrust Digital Library,
|d 2010.
|5 MiAaHDL
|
| 538 |
|
|
|a Mode of access: World Wide Web.
|
| 583 |
1 |
|
|a digitized
|c 2010
|h HathiTrust Digital Library
|l committed to preserve
|2 pda
|5 MiAaHDL
|
| 588 |
|
|
|a Description based on: Vol. 1, no. 1 (winter 1974); title from PDF cover (JSTOR, viewed Aug. 12, 2011).
|
| 588 |
|
|
|a Latest issue consulted: Vol. 10, no. 4 (1984) (JSTOR, viewed Aug. 12, 2011).
|
| 500 |
|
|
|a Electronic resource.
|
| 650 |
|
0 |
|a Political science
|v Periodicals.
|
| 650 |
|
0 |
|a Political science
|x Methodology
|v Periodicals.
|
| 650 |
|
6 |
|a Science politique
|v Périodiques.
|
| 650 |
|
6 |
|a Science politique
|x Méthodologie
|v Périodiques.
|
| 776 |
0 |
8 |
|i Print version:
|t Political methodology
|x 0162-2021
|w (DLC) 79643351
|w (OCoLC)1781304
|
| 785 |
0 |
0 |
|t Political analysis
|w (DLC) 2008233804
|w (OCoLC)50265807
|
| 948 |
|
|
|a cataloged
|b h
|c 2013/1/7
|d c
|e spoltoratski
|f 12:28:15 pm
|g sc
|
| 994 |
|
|
|a C0
|b TXA
|
| 999 |
|
|
|a MARS
|
| 999 |
f |
f |
|s 51f113f3-3f49-3f43-ad59-4b4802e4138a
|i 06369845-be5e-319b-837d-c90dda769b8e
|t 0
|
| 952 |
f |
f |
|a Texas A&M University
|b College Station
|c Electronic Resources
|d Available Online
|t 0
|e JA1 .P58
|g Electronic
|h Library of Congress classification
|
| 998 |
f |
f |
|a JA1 .P58
|t 0
|l Available Online
|